Marxism and political economy of sociolism (Record no. 1642)

MARC details
000 -LEADER
fixed length control field 00561cam a2200205ua 4500
001 - CONTROL NUMBER
control field 1759
005 - DATE AND TIME OF LATEST TRANSACTION
control field 20260515113402.0
008 - FIXED-LENGTH DATA ELEMENTS--GENERAL INFORMATION
fixed length control field 110719n ii |||gr||||Z||||||eng
020 ## - INTERNATIONAL STANDARD BOOK NUMBER
International Standard Book Number 81-207-0881-4
040 ## - CATALOGING SOURCE
Transcribing agency MAIN
082 ## - DEWEY DECIMAL CLASSIFICATION NUMBER
Classification number 335.43
100 1# - MAIN ENTRY--PERSONAL NAME
Personal name Das, Gupta K. K.,
Dates associated with a name 1989,
245 1# - TITLE STATEMENT
Title Marxism and political economy of sociolism
Statement of responsibility, etc. by K. K. Das Gupta
250 ## - EDITION STATEMENT
Edition statement 1st.
260 ## - PUBLICATION, DISTRIBUTION, ETC.
Place of publication, distribution, etc. New Delhi:
Name of publisher, distributor, etc. Sterling publishers pvt. ltd.,989.
300 ## - PHYSICAL DESCRIPTION
Extent 428p:
Dimensions 23cm.
653 ## - INDEX TERM--UNCONTROLLED
Uncontrolled term Economics
653 ## - INDEX TERM--UNCONTROLLED
Uncontrolled term Marxism and political economy of socialism
942 ## - ADDED ENTRY ELEMENTS (KOHA)
Koha item type Books
Holdings
Withdrawn status Lost status Damaged status Not for loan Home library Current library Shelving location Date acquired Total checkouts Full call number Barcode Date last seen Copy number Price effective from Koha item type
        Naharkatiya College Library Naharkatiya College Library General stacks 09/19/2020   335.43 | DAS 2400 09/19/2020 1 09/19/2020 Books